Southeast Asian Place Names - Which Country? - Statistics

General Stats
  • This quiz has been taken 6 times
  • The average score is 4 of 16
Answer Stats
Question Answer % Correct
Vang Naxay Laos
67%
Ban Nongkhiat-Luang Laos
50%
Khok Prasit Thailand
50%
Khum Thon Khum Thailand
50%
Van Lai Vietnam
50%
O Smach Cambodia
33%
Ban Suan Lumyai Thailand
33%
Traeng Trayueng Cambodia
17%
Muang Kheung Laos
17%
Vieng Phou Kha Laos
17%
Sung Nhon Vietnam
17%
Long Khanh Vietnam
17%
Phumi Bang Lot Cambodia
0%
Krong Pursat Cambodia
0%
Dong Noi Thailand
0%
Khuoi Khon Vietnam
0%
No matching quizzes found
Score Distribution
Percent of People with Each Score
Percentile by Number Answered
Your Score History
You have not taken this quiz